000 00833nam a2200253 i 4500
001 bg
245 0 0 _aChemia i fizyka węgla /
_cpod red. Stefana Jasieńki ; [aut. poszczeg. rozdz. Cecylia Biegańska et al.] ; Politechnika Wrocławska.
260 _aWrocław :
_bOficyna Wydawnicza PW,
_c1995.
300 _a407 s. :
_bil. kolor., fot., mapy, rys., wykr. ;
_c24 cm.
504 _aBibliogr. s. 12-13 i przy rozdz.
650 9 _aWęgiel
_xchemia
650 9 _aWęgiel
_xfizyka
650 9 _aWęgiel
_xgeologia
_zPolska
655 _aPodręczniki akademickie
700 1 _aJASIEŃKO, Stefan.
_eRed.
700 1 _aBIEGAŃSKA, Cecylia.
020 _a8370851665
040 _cBPK
041 0 _apl
080 _a546.26+553.9](438)(075.8)
920 _a83-7085-166-5
942 _cKS
008 s pl f |000 0 pol
999 _c31039
_d31039
856 _uhttp://koha.tu.koszalin.pl/cgi-bin/koha/opac-detail.pl?biblionumber=31039
_yKatalog online BPK